Surveying churches (Record no. 14594)
[ view plain ]
| 000 -LEADER | |
|---|---|
| fixed length control field | 00887cab a2200217 4500 |
| 001 - CONTROL NUMBER | |
| control field | ABS40150 |
| 008 - FIXED-LENGTH DATA ELEMENTS--GENERAL INFORMATION | |
| fixed length control field | 090401t1988 xxu||||| |||| 00| 0 eng d |
| 035 ## - SYSTEM CONTROL NUMBER | |
| System control number | (Sirsi) u21768 |
| 041 ## - LANGUAGE CODE | |
| Language code of text/sound track or separate title | eng |
| 100 ## - MAIN ENTRY--PERSONAL NAME | |
| Personal name | Catt, R. |
| 245 ## - TITLE STATEMENT | |
| Title | Surveying churches |
| 260 ## - PUBLICATION, DISTRIBUTION, ETC. | |
| Date of publication, distribution, etc. | 1988 |
| 350 ## - PRICE (NR) (BK AM CF MU VM SE) [OBSOLETE] | |
| Price | 0 |
| 490 ## - SERIES STATEMENT | |
| Series statement | Church Building |
| Volume/sequential designation | (9) Autumn 1988, 13-14(2) |
| 520 ## - SUMMARY, ETC. | |
| Summary, etc. | The Inspection of Churches Measure 1955 requires all churches to be inspected by an architect every five years. This article looks at the problems of surveying churches including lack of knowledge of historic buildings and the fact that at present it is architects not surveyors who carry out the surveys despite the efforts of the RICS . |
| 650 ## - SUBJECT ADDED ENTRY--TOPICAL TERM | |
| Topical term or geographic name entry element | ECCLESIASTICAL ARCHITECTS AND SURVEYORS ASSOCIATION |
| 650 ## - SUBJECT ADDED ENTRY--TOPICAL TERM | |
| Topical term or geographic name entry element | QUINQUENNIAL INSPECTIONS |
| 690 ## - LOCAL SUBJECT ADDED ENTRY--TOPICAL TERM (OCLC, RLIN) | |
| Topical term or geographic name as entry element | PRACTICE AND TECHNIQUES |
| 942 ## - ADDED ENTRY ELEMENTS (KOHA) | |
| Suppress in OPAC | 0 |
| 948 ## - LOCAL PROCESSING INFORMATION (OCLC); SERIES PART DESIGNATOR (RLIN) | |
| c (OCLC) | 04/03/1997 |
| Withdrawn status | Lost status | Source of classification or shelving scheme | Damaged status | Not for loan | Home library | Current library | Shelving location | Date acquired | Total Checkouts | Full call number | Barcode | Date last seen | Copy number | Price effective from | Koha item type |
|---|---|---|---|---|---|---|---|---|---|---|---|---|---|---|---|
| Dewey Decimal Classification | London | London | Journal article | 14/09/1999 | ABS40150 | 21768-1001 | 06/08/2019 | 1 | 06/08/2019 | Journal article |